Doscientas anécdotas e ilustraciones

محفوظ في:
التفاصيل البيبلوغرافية
المؤلف الرئيسي: Moody, D.L
التنسيق: كتاب
منشور في: Moody. [195?].
الموضوعات:
الوسوم: إضافة وسم
لا توجد وسوم, كن أول من يضع وسما على هذه التسجيلة!

MARC

LEADER 00000nam a22000005a 4500
001 9543
003 CL-ChBUA
005 20120815103204.0
008 070301s sl 000 0 spa
040 |a CL-ChBUA  |c CL-ChBUA 
082 0 0 |a 244 
090 |c 9543  |d 9543 
100 1 |a Moody, D.L. 
245 1 0 |a Doscientas anécdotas e ilustraciones 
260 |b Moody.  |c [195?]. 
300 |c 18 cm. 
650 4 |a CUENTOS RELIGIOSOS. 
942 |c LIB 
952 |0 0  |1 0  |4 0  |7 0  |9 14069  |a UNACH  |b UNACH  |c 200  |d 2007-03-05  |i 17.135.  |l 0  |o 244 / M 817.  |p 15068  |r 2012-12-27 00:00:00  |u 14069  |w 2012-08-08  |y LIB  |k 244 / M 817. 
999 |c 9543  |d 9543